When I was nine / (Record no. 12250)
[ view plain ]
| 000 -LEADER | |
|---|---|
| fixed length control field | 00704nam a22002177a 4500 |
| 003 - CONTROL NUMBER IDENTIFIER | |
| control field | OSt |
| 005 - DATE AND TIME OF LATEST TRANSACTION | |
| control field | 20140310182347.0 |
| 008 - FIXED-LENGTH DATA ELEMENTS--GENERAL INFORMATION | |
| fixed length control field | 130927t xxu||||| |||| 00| 0 eng d |
| 020 ## - INTERNATIONAL STANDARD BOOK NUMBER | |
| International Standard Book Number | 0688059422 |
| 050 ## - LIBRARY OF CONGRESS CALL NUMBER | |
| Classification number | PS 3569.T4557 |
| Item number | .St847 1986 |
| 082 ## - DEWEY DECIMAL CLASSIFICATION NUMBER | |
| Classification number | GS 920.741 |
| Item number | St4 1986 |
| 100 ## - MAIN ENTRY--PERSONAL NAME | |
| Personal name | Stevenson, James |
| 9 (RLIN) | 21992 |
| 245 ## - TITLE STATEMENT | |
| Title | When I was nine / |
| Statement of responsibility, etc | James Stevenson. |
| 260 ## - PUBLICATION, DISTRIBUTION, ETC. (IMPRINT) | |
| Place of publication, distribution, etc | NewYork : |
| Name of publisher, distributor, etc | Greenwillow Books, |
| Date of publication, distribution, etc | c1986. |
| 300 ## - PHYSICAL DESCRIPTION | |
| Extent | 30 p. : |
| Other physical details | ill, ; |
| Dimensions | 26 cm. |
| 541 ## - IMMEDIATE SOURCE OF ACQUISITION NOTE | |
| -- | 1 |
| 562 ## - COPY AND VERSION IDENTIFICATION NOTE | |
| Number of copies | 1 |
| 650 ## - SUBJECT ADDED ENTRY--TOPICAL TERM | |
| Topical term or geographic name as entry element | Stevenson, James, 1929 |
| General subdivision | Childhood and youth |
| -- | Juvenile Literature. |
| 9 (RLIN) | 21993 |
| 650 ## - SUBJECT ADDED ENTRY--TOPICAL TERM | |
| Topical term or geographic name as entry element | Authors, American |
| General subdivision | 20th century |
| -- | Biography |
| -- | Juvenile Literature. |
| 9 (RLIN) | 21994 |
| 942 ## - ADDED ENTRY ELEMENTS (KOHA) | |
| Source of classification or shelving scheme | Library of Congress Classification |
| Koha item type | |
| Withdrawn status | Lost status | Source of classification or shelving scheme | Damaged status | Home library | Current library | Shelving location | Date acquired | Total Checkouts | Full call number | Barcode | Date last seen | Copy number | Price effective from | Koha item type |
|---|---|---|---|---|---|---|---|---|---|---|---|---|---|---|
| Library of Congress Classification | Luxembourg Library | Luxembourg Library | Grade School Section | 09/27/2013 | PS 3569.T4557 .St847 1986 | 11035 | 09/27/2013 | 1 | 09/27/2013 | Books |